[Event "Montevideo Duchamp Cup 7th"]
[Site "Montevideo"]
[Date "2024.02.04"]
[Round "4"]
[White "Gonzalez Valenzuela, Federico"]
[Black "Gonzalez Bodega, Juliana"]
[Result "1-0"]
[WhiteElo "1624"]
[BlackElo "1267"]
[PlyCount "41"]
[EventDate "2024.02.01"]
[EventType "swiss"]
[EventRounds "9"]
[EventCountry "URU"]
[SourceTitle "CB07_2024"]
[SourceDate "2024.02.14"]
[SourceVersion "1"]
[SourceVersionDate "2024.02.14"]
[SourceQuality "1"]

1. d4 d5 2. Nc3 Nf6 3. Bf4 a6 4. e3 e6 5. a3 c5 6. dxc5 Bxc5 7. Nf3 Nc6 8. Bd3 d4 9. exd4 Nxd4 10. 0-0 0-0 11. Be5 Nc6 12. Bg3 b5 13. Bh4 h6 14. Qe2 Nd4 15. Nxd4 Qxd4 16. Bxf6 Qxf6 17. Qe4 g6 18. Qxa8 Qh4 19. Qf3 Bd7 20. Ne4 Kg7 21. Nxc5 1-0

[Event "Montevideo Duchamp Cup 6th"]
[Site "Montevideo"]
[Date "2023.02.06"]
[Round "4"]
[White "Gonzalez Valenzuela, Federico"]
[Black "Avedisian, Alexander"]
[Result "1-0"]
[WhiteElo "1508"]
[BlackElo "1805"]
[PlyCount "55"]
[EventDate "2023.02.03"]
[EventType "swiss"]
[EventRounds "9"]
[EventCountry "URU"]
[SourceTitle "CBM 212 Extra"]
[Source "ChessBase"]
[SourceDate "2023.03.31"]
[SourceVersion "1"]
[SourceVersionDate "2023.03.31"]
[SourceQuality "1"]

1. b3 g6 2. Bb2 Nf6 3. g4 Bg7 4. g5 Nh5 5. Bxg7 Nxg7 6. d4 e5 7. dxe5 Qxg5 8. Nf3 Qe7 9. Nc3 Qb4 10. Qd2 Ne6 11. a3 Qf4 12. 0-0-0 Qxd2+ 13. Rxd2 0-0 14. Nd5 Rd8 15. Bh3 Na6 16. Bxe6 fxe6 17. Nf6+ Kg7 18. Ng5 d5 19. Nfxh7 c6 20. h4 Rh8 21. Nf6 Nc7 22. h5 Rxh5 23. Nxh5+ gxh5 24. Rdd1 Bd7 25. Rdg1 Kf8 26. Rxh5 Re8 27. Rh8+ Ke7 28. Rh7+ 1-0

[Event "Montevideo Duchamp Cup 6th"]
[Site "Montevideo"]
[Date "2023.02.03"]
[Round "1"]
[White "Araque, Jairo"]
[Black "Gonzalez Valenzuela, Federico"]
[Result "1-0"]
[WhiteElo "1961"]
[BlackElo "1508"]
[PlyCount "77"]
[EventDate "2023.02.03"]
[EventType "swiss"]
[EventRounds "9"]
[EventCountry "URU"]
[SourceTitle "CBM 212 Extra"]
[Source "ChessBase"]
[SourceDate "2023.03.31"]
[SourceVersion "1"]
[SourceVersionDate "2023.03.31"]
[SourceQuality "1"]

1. d4 f5 2. Nc3 e6 3. e4 fxe4 4. Qh5+ g6 5. Qe5 Nf6 6. Nxe4 Bg7 7. Bg5 0-0 8. Nxf6+ Bxf6 9. Bxf6 Qxf6 10. Qxf6 Rxf6 11. Nf3 b6 12. 0-0-0 Bb7 13. Be2 Nc6 14. h4 Nb4 15. h5 Raf8 16. hxg6 Rxg6 17. Rh2 Nd5 18. Bd3 Rg7 19. Rdh1 Rff7 20. Be4 Ba6 21. Ne5 Re7 22. g3 Nf6 23. Bf3 Rg5 24. Bd1 Bb7 25. Re1 d6 26. Nd3 Ng4 27. Rh4 Nf6 28. g4 Bc8 29. f4 Rg6 30. g5 Nd7 31. c3 e5 32. Bg4 e4 33. Bf5 Rgg7 34. Bxe4 Ba6 35. Kd2 Kf8 36. Nb4 Bb5 37. Nd5 Bc6 38. Nxe7 Rxe7 39. Bxc6 1-0